Financial management : (Record no. 137183)

MARC details
000 -LEADER
fixed length control field 00803nam a22002417a 4500
005 - DATE AND TIME OF LATEST TRANSACTION
control field 20170124110315.0
010 ## - LIBRARY OF CONGRESS CONTROL NUMBER
LC control number B-44036
020 ## - INTERNATIONAL STANDARD BOOK NUMBER
Terms of availability 00.00
International Standard Book Number 007460208
035 ## - SYSTEM CONTROL NUMBER
System control number B-44036
037 ## - SOURCE OF ACQUISITION
Source of stock number/acquisition Cen Lib/Ret
040 ## - CATALOGING SOURCE
Original cataloging agency DPL
Language of cataloging EN
082 ## - DEWEY DECIMAL CLASSIFICATION NUMBER
Classification number 658.15
Item number KHA
100 ## - MAIN ENTRY--PERSONAL NAME
Personal name Khan, M.Y.
9 (RLIN) 14186
245 ## - TITLE STATEMENT
Title Financial management :
Statement of responsibility, etc by M.Y. Khan [and] P.K. Jain
Remainder of title text and problems /
260 ## - PUBLICATION, DISTRIBUTION, ETC. (IMPRINT)
Place of publication, distribution, etc New Delhi
Name of publisher, distributor, etc Tata McGrwa-Hill Publishing company
Date of publication, distribution, etc 1993
270 ## - ADDRESS
City New Delhi
Address 4/12 Asaf Ali road
Postal code 110002
300 ## - PHYSICAL DESCRIPTION
Extent xvi,766p.
Dimensions 21cm(Hb)
500 ## - GENERAL NOTE
General note Includes glossary, appendix, bibliographical references and index
650 ## - SUBJECT ADDED ENTRY--TOPICAL TERM
Topical term or geographic name as entry element Financial management
9 (RLIN) 98365
650 ## - SUBJECT ADDED ENTRY--TOPICAL TERM
Topical term or geographic name as entry element Mathematics of finance
9 (RLIN) 98366
700 ## - ADDED ENTRY--PERSONAL NAME
Personal name Jain, P.K.
9 (RLIN) 25051
942 ## - ADDED ENTRY ELEMENTS (KOHA)
Source of classification or shelving scheme Dewey Decimal Classification
Koha item type English Books
Classification part 658.15
Call number suffix KHA
Holdings
Withdrawn status Lost status Source of classification or shelving scheme Damaged status Not for loan Home library Current library Date acquired Cost, normal purchase price Total Checkouts Full call number Barcode Date last seen Date checked out Copy number Cost, replacement price Price effective from Koha item type Source of acquisition Public note
    Dewey Decimal Classification     Central Library Central Library 01/11/2016 0.00 1 658.15 KHA B-044036 24/09/2022 24/09/2022 2 0.00 01/11/2016 English Books    
Written off   Dewey Decimal Classification     Central Library Central Library 01/12/2016 0.00   658.15 KHA B-082341 01/12/2016   2 0.00 01/12/2016 English Books Cen Lib/Ret W/d List 8139/19; dtd 22/2/17

© Delhi Public Library
Hit Counter
free hit counter